000 00214 a2200097 4500
001 44492
100 _aBoggess
245 _aAircraft Sheet Metal Worn
260 _aLondon
_bPitman & Sons
_c
090 _c28204
_d28204
942 _aNUST-CAE
_cM
_c20230
999 _c279565
_d279565